00817nam a2200241 a 45000010005000000030008000050050017000130080041000300200015000710350018000860400032001040410008001360820022001441000016001662450059001822600072002413000027003135000020003406500017003607000019003778560089003968560090004856452BD-RjUL20211208234239.0140111s1981 nyu 001 0 eng d a0521233089 a(BD-RjUL)6493 aDLCcDLCdDLCdBD-RjULbeng aeng00a510223bEVM 19811 aEvyatar, A.10aMotivated mathematics /cA. Evyatar and P. Rosenbloom. aCambridge [Eng.] ;aNew York :bCambridge University Press,cc1981. aviii, 284 p. ;c23 cm. aIncludes index. 0aMathematics.1 aRosenbloom, P.423Publisher descriptionuhttp://www.loc.gov/catdir/enhancements/fy0901/80040491-d.html413Table of contents onlyuhttp://www.loc.gov/catdir/enhancements/fy0901/80040491-t.html